| 000 | 01342aam a2200397 4500 | ||
|---|---|---|---|
| 005 | 20161117113133.0 | ||
| 008 | 150624b xxu||||| |||| 00| 0 spa d | ||
| 041 | _aEspañol | ||
| 082 | _a617.692 F363o | ||
| 100 |
_aFernández Bodereau, Enrique _925676 |
||
| 100 |
_aBascones Martínez, Antonio _925677 |
||
| 100 |
_aMaddalena, Alejandro _925678 |
||
| 100 |
_aMaddalena, Leopoldo _925679 |
||
| 245 | _aOdontología Restauradora Contemporánea: Implantes y Estética | ||
| 260 |
_aEspaña _bEdiciones Avances _c2009 |
||
| 300 | _a277 páginas | ||
| 650 |
_aIMPLANTES DENTALES _932434 |
||
| 650 |
_aPRÓTESIS IMPLANTO ASISTIDA _925681 |
||
| 650 |
_aPACIENTE IMPLANTOLÓGICO Y PERIODONTAL _925682 |
||
| 650 |
_aPERIODONCIA E IMPLANTES _925683 |
||
| 650 |
_aODONTOLOGÍA RESTAURADORA _915807 |
||
| 650 |
_aSISTEMA RESPIRATORIO _9414 |
||
| 650 |
_aSISTEMA CARDIOVASCULAR _932435 |
||
| 650 |
_aSISTEMA DIGESTIVO _911675 |
||
| 650 |
_aSISTEMA NERVIOSO _91367 |
||
| 650 |
_aSISTEMA RENAL _925685 |
||
| 650 |
_aDESDENTADO _925686 |
||
| 650 |
_aCORONAS _93126 |
||
| 650 |
_aTÉCNICAS QUIRURGICAS _925687 |
||
| 650 |
_aANATOMÍA DEL PERIODONTO _925688 |
||
| 650 |
_aTALLADO DENTARIO _925689 |
||
| 650 |
_aPRÓTESIS REMOVIBLE _93946 |
||
| 650 |
_aRESTAURACIONES CORONARIAS _925690 |
||
| 650 |
_aOSTEOINTEGRACIÓN _925691 |
||
| 942 | _cBK | ||
| 999 |
_c3042 _d3042 |
||